Click European Countries In Their Native Language On A Map - Statistics

General Stats
  • This quiz has been taken 130 times
    118 since last reset
  • The average score is 32 of 45
Answers on the Map
Answers color-coded by a green-red scale on the quiz's map according to % correct below.
 
Answer Stats
Answer % Correct
Malta
81%
Deutschland
79%
France
79%
Italia
79%
Norge
79%
Polska
79%
United Kingdom
79%
Danmark
77%
Éire
77%
Ísland
77%
Kosova
77%
Latvija
77%
Moldova
77%
Ελλάδα
76%
België
76%
Portugal
76%
România
76%
Eesti
74%
España
74%
Liechtenstein
74%
Nederland
74%
San Marino
74%
Magyarország
73%
Monaco
73%
Österreich
73%
Andorra
71%
Česká republika
71%
Città del Vaticano
71%
Россия
70%
Босна и
Херцеговина
70%
Slovenija
70%
Sverige
70%
Україна
69%
Schweiz
67%
Lëtzebuerg
66%
Suomi
66%
Северна
Македонија
64%
Slovensko
64%
Lietuva
63%
Белару́сь
61%
Hrvatska
60%
България
57%
Србија
56%
Shqipëri
56%
Црна Гора
49%
No matching quizzes found
Score Distribution
Percent of People with Each Score
Percentile by Number Answered
Your Score History
You have not taken this quiz since the last reset